| 000 | 00783cam a2200193 4500 | ||
|---|---|---|---|
| 001 | WS119303 | ||
| 008 | 020813n 000 0 eng u | ||
| 035 | _a(Sirsi) u119303 | ||
| 110 |
_aEssential Information Group _94336 |
||
| 245 | _aEssential Information Group | ||
| 520 | _aWeb site for this one stop shop for information relating to property auctions covering over 25,000 lots each year. It is free to view listings and full information is available as a subscription service. | ||
| 650 | _aPROPERTY-COMMERCIAL PROPERTY | ||
| 650 |
_aRESIDENTIAL PROPERTY _96266 |
||
| 650 | _aAUCTION RESULTS | ||
| 650 | _aSUBSCRIPTION SERVICE | ||
| 690 |
_aAuctioneering _96218 |
||
| 856 | 4 | 0 |
_uhttps://www.eigroup.co.uk _zView the website free of charge at www.eigroup.co.uk... |
| 942 | _n0 | ||
| 999 |
_c120177 _d120177 |
||